000 00822nam a2200229Ia 4500
003 GCL
008 140319s9999 xx 000 0 ara d
020 _a4024345977
040 _aGCL /
_cGCL
082 0 4 _a005.74
_bك ا
100 1 _aكروم، جيم
245 1 0 _aاستخدام تطبيقات اوراكل :
_bUSING ORACLE APPLICATIONS /
_cكروم، جيم
250 _aالاولى
260 _aالقاهرة :
_bدار الفاروق للنشر والتوزيع ،
_c2001
300 _a1184 ص ؛
_c25 سم
650 0 4 _aنظم المعلومات
650 0 4 _aاختزان واسترجاع المعلومات
650 0 4 _aاوراكل
650 0 4 _aالبيانات (حاسبات الكترونية)
650 0 4 _aالبيانات - بناء - (حاسبات الكترونية)
942 _2ddc
_cBK
999 _c55078
_d55078